000 00594nam a2200205 4500
001 35443
003 BD-RjUL
005 20211209052325.0
008 140525s1959 enk||||| |||| 001 0 eng d
035 _a(BD-RjUL)35537
040 _cBD-RjUL
_dBD-RjUL
082 _a304.605
_bCOD 1959
100 _aCox , Peter R
_9107914
245 _aDemography /
_c Peter R Cox
260 _a Cambridge [Eng.] ; New York :
_bCambridge University Press,
_c ©1976.
300 _a xi, 393 p. ;
_c24 cm.
650 _a Démographie.
_9107915
650 _a Demography.
_9107916
942 _2ddc
_cBK
999 _c35443
_d35443